000 00565nam a2200181Ia 4500
008 151202s9999||||xx |||||||||||||| ||und||
082 _bPNVM-84164
100 _aरावळ मोहन.
245 _aविक्रम आणि वेताळ.
260 _bपरी प्रकाशन.
260 _c2013
300 _a184
600 _aरावळ मोहन.
630 _aविक्रम आणि वेताळ.
700 _aरावळ मोहन.
730 _aविक्रम आणि वेताळ.
942 _cBOOK
999 _c1349016
_d1349013